Memento (Record no. 66838)

MARC details
000 -LEADER
campo de control de longitud fija 03476cgm a2200685Ia 4500
001 - NÚMERO DE CONTROL
campo de control 38545
005 - FECHA Y HORA DE LA ÚLTIMA TRANSACCIÓN
campo de control 20230410123822.0
007 - CAMPO FIJO DE DESCRIPCIÓN FÍSICA--INFORMACIÓN GENERAL
campo de control de longitud fija vd cvaizk
008 - DATOS DE LONGITUD FIJA--INFORMACIÓN GENERAL
campo de control de longitud fija 010824s2001 cau113 e vleng d
035 ## - NÚMERO DE CONTROL DEL SISTEMA
Número de control de sistema (OCoLC)ocm47839901
040 ## - FUENTE DE CATALOGACIÓN
Centro catalogador/agencia de origen TEF
Centro/agencia transcriptor TEF
Centro/agencia modificador OCLCQ
-- IBI
-- OCLCQ
-- UV$
-- EMU
-- OCLCQ
-- VRC
-- RCS
-- BTCTA
020 ## - NÚMERO INTERNACIONAL ESTÁNDAR DEL LIBRO
Número Internacional Estándar del Libro 0767868854
020 ## - NÚMERO INTERNACIONAL ESTÁNDAR DEL LIBRO
Número Internacional Estándar del Libro 9780767868853
024 1# - IDENTIFICADOR DE OTROS ESTÁNDARES
Número estándar o código 043396065987
028 42 - NÚMERO DE EDITOR O DISTRIBUIDOR
Número de editor o de distribuidor 06598
Fuente Columbia TriStar Home Entertainment
035 ## - NÚMERO DE CONTROL DEL SISTEMA
Número de control de sistema (OCoLC)47839901
041 1# - CÓDIGO DE IDIOMA
Código de lengua del texto/banda sonora o título independiente eng
Código de lengua del sumario o resumen eng
-- spa
Código de lengua original eng
082 04 - NÚMERO DE LA CLASIFICACIÓN DECIMAL DEWEY
Número de clasificación 791.43/72
Número de edición 22
050 14 - SIGNATURA TOPOGRÁFICA DE LA BIBLIOTECA DEL CONGRESO
Número de clasificación CM DVD 00423
049 ## - FONDOS LOCALES (OCLC)
Biblioteca depositaria GRAL
245 00 - MENCIÓN DEL TÍTULO
Título Memento
Medio [videorecording] /
Mención de responsabilidad, etc. Newmarket presents in association with Summit Entertainment a Team Todd production, a film by Christopher Nolan ; producers, Suzanne Todd, Jennifer Todd ; screenplay writer, Christopher Nolan ; director, Christopher Nolan.
260 ## - PUBLICACIÓN, DISTRIBUCIÓN, ETC.
Lugar de publicación, distribución, etc. Culver City, CA :
Nombre del editor, distribuidor, etc. Columbia TriStar Home Entertainment,
Fecha de publicación, distribución, etc. [2001]
300 ## - DESCRIPCIÓN FÍSICA
Extensión 1 videodisc (113 min.) :
Otras características físicas sd., col. ;
Dimensiones 4 3/4 in.
538 ## - NOTA DE DETALLES DEL SISTEMA
Nota de detalles del sistema DVD, region 1, widescreen (2.35:1) presentation.
546 ## - NOTA DE IDIOMA
Nota de lengua/lenguaje English language soundtrack (5.1 or 2-channel) with optional subtitles in English or Spanish ; closed-captioned in English for the hearing impaired.
511 1# - NOTA DE PARTICIPANTES O INTÉRPRETES
Nota de participantes o intérpretes Guy Pearce, Carrie-Anne Moss, Joe Pantoliano, Mark Boone Junior.
508 ## - NOTA DE CRÉDITOS DE CREACIÓN O PRODUCCIÓN
Nota de créditos de creación o producción Director of photography, Wally Pfister ; editor, Dody Dorn ; music, David Julyan ; costume designer, Cindy Evans ; production designer, Patti Podesta.
500 ## - NOTA GENERAL
Nota general Originally produced as a motion picture in 2000.
500 ## - NOTA GENERAL
Nota general Based on the short story by Jonathan Nolan.
521 8# - NOTA DE PÚBLICO DESTINATARIO
Nota de público destinatario MPAA rating: R.
520 ## - RESUMEN, ETC.
Sumario, etc. An intricate crime story about a man who has lost his short term memory due to a rare brain disorder. Now he is out to catch his wife's murderer, whose identity he cannot ever know for sure. The more he tries to figure out what is true and real, the more he sinks deeper into a multi-layered abyss of uncertainty and surprises.
500 ## - NOTA GENERAL
Nota general Special features: digitally mastered ; interactive motion menus ; scene selections ; director & cast biographies ; theatrical trailers ; web features.
586 ## - NOTA DE PREMIOS
Nota de premios Sundance Film Festival: 2001, Waldo Salt Screenwriting Award (Christopher Nolan, Jonathan Nolan (story))
586 ## - NOTA DE PREMIOS
Nota de premios London Film Critics Circle Award: 2001, ALFS Award British - Screenwriter of the Year (Christopher Nolan)
586 ## - NOTA DE PREMIOS
Nota de premios Deauville Film Festival: 2000, CinéLive Award (Christopher Nolan); Critics Award (Christopher Nolan); Jury Special Prize (Christopher Nolan)
650 #0 - PUNTO DE ACCESO ADICIONAL DE MATERIA--TÉRMINO DE MATERIA
Término de materia o nombre geográfico como elemento de entrada Amnesia
Subdivisión de forma Drama.
650 #0 - PUNTO DE ACCESO ADICIONAL DE MATERIA--TÉRMINO DE MATERIA
Término de materia o nombre geográfico como elemento de entrada Short-term memory
Subdivisión de forma Drama.
650 #0 - PUNTO DE ACCESO ADICIONAL DE MATERIA--TÉRMINO DE MATERIA
Término de materia o nombre geográfico como elemento de entrada Murder
Subdivisión general Investigation
Subdivisión de forma Drama.
650 #8 - PUNTO DE ACCESO ADICIONAL DE MATERIA--TÉRMINO DE MATERIA
Término de materia o nombre geográfico como elemento de entrada Amnesia
Subdivisión de forma Drama.
650 #8 - PUNTO DE ACCESO ADICIONAL DE MATERIA--TÉRMINO DE MATERIA
Término de materia o nombre geográfico como elemento de entrada Short-term memory
Subdivisión de forma Drama.
650 #8 - PUNTO DE ACCESO ADICIONAL DE MATERIA--TÉRMINO DE MATERIA
Término de materia o nombre geográfico como elemento de entrada Homicide
Subdivisión general Investigation
Subdivisión de forma Drama.
655 #0 - TERMINO DE INDIZACIÓN--GENERO/FORMA
Datos o término principal de género/forma Feature films.
655 #0 - TERMINO DE INDIZACIÓN--GENERO/FORMA
Datos o término principal de género/forma Video recordings for the hearing impaired.
655 #7 - TERMINO DE INDIZACIÓN--GENERO/FORMA
Datos o término principal de género/forma Suspense fiction.
Fuente del término lcsh
700 1# - ENTRADA AGREGADA--NOMBRE PERSONAL
Nombre de persona Nolan, Christopher,
Fechas asociadas al nombre 1970-
700 1# - ENTRADA AGREGADA--NOMBRE PERSONAL
Nombre de persona Todd, Suzanne.
700 1# - ENTRADA AGREGADA--NOMBRE PERSONAL
Nombre de persona Todd, Jennifer.
700 1# - ENTRADA AGREGADA--NOMBRE PERSONAL
Nombre de persona Nolan, Jonathan.
700 1# - ENTRADA AGREGADA--NOMBRE PERSONAL
Nombre de persona Pearce, Guy,
Fechas asociadas al nombre 1967-
700 1# - ENTRADA AGREGADA--NOMBRE PERSONAL
Nombre de persona Moss, Carrie-Anne,
Fechas asociadas al nombre 1970-
700 1# - ENTRADA AGREGADA--NOMBRE PERSONAL
Nombre de persona Pantoliano, Joe.
700 1# - ENTRADA AGREGADA--NOMBRE PERSONAL
Nombre de persona Boone, Mark,
Títulos y otros términos asociados al nombre Jr.
710 2# - ENTRADA AGREGADA--NOMBRE DE ENTIDAD CORPORATIVA
Nombre de entidad corporativa o nombre de jurisdicción como elemento de entrada Newmarket Capital Group LP.
710 2# - ENTRADA AGREGADA--NOMBRE DE ENTIDAD CORPORATIVA
Nombre de entidad corporativa o nombre de jurisdicción como elemento de entrada Summit Entertainment.
710 2# - ENTRADA AGREGADA--NOMBRE DE ENTIDAD CORPORATIVA
Nombre de entidad corporativa o nombre de jurisdicción como elemento de entrada Team Todd (Firm)
710 2# - ENTRADA AGREGADA--NOMBRE DE ENTIDAD CORPORATIVA
Nombre de entidad corporativa o nombre de jurisdicción como elemento de entrada Columbia TriStar Home Entertainment (Firm)
938 ## -
-- Baker and Taylor
-- BTCP
-- be2001000454
942 ## - ELEMENTOS DE ENTRADA SECUNDARIOS (KOHA)
Fuente del sistema de clasificación o colocación Clasificación de Library of Congress
Tipo de ítem Koha
994 ## -
-- C0
-- DRFGD
Holdings
Estatus retirado Estado de pérdida Fuente del sistema de clasificación o colocación Estado de daño No para préstamo Biblioteca de origen Biblioteca actual Ubicación en estantería Fecha de adquisición Signatura topográfica completa Código de barras Visto por última vez Copia número Tipo de ítem Koha
    Clasificación de Library of Congress     Biblioteca Juan Bosch Biblioteca Juan Bosch Colección Multimedia (Humanidades 4to. Piso) 10/04/2023 CM DVD 00423 00000040240 25/10/2018 1